000
00271nam a2200109Ia 4500
001
589095
005
20250717120842.0
008
250717s9999 xx 000 0 und d
245
0
_a
X-3 UZAY
_c
DELPHINE GRINBERG
260
_b
BİNBİR ÇİÇEK YAYINLARI
_c
2018
300
_b
20
999
_c
589095
_d
589095